<?xml version="1.0" encoding="UTF-8"?>
<collection xmlns="http://www.loc.gov/MARC21/slim">
 <record>
  <leader>01641nam a22002537a 4500</leader>
  <controlfield tag="001">NCT_4_026079</controlfield>
  <controlfield tag="008">250911b        xxu||||| |||| 00| 0 vie d</controlfield>
  <datafield tag="999" ind1=" " ind2=" ">
   <subfield code="c">9288</subfield>
   <subfield code="d">9288</subfield>
  </datafield>
  <datafield tag="020" ind1=" " ind2=" ">
   <subfield code="a">9786043258875</subfield>
   <subfield code="c">179000</subfield>
  </datafield>
  <datafield tag="082" ind1="0" ind2="4">
   <subfield code="2">23rd ed.</subfield>
   <subfield code="a">791.4361</subfield>
   <subfield code="b">H871</subfield>
  </datafield>
  <datafield tag="100" ind1="1" ind2=" ">
   <subfield code="a">Hoxter, Julian</subfield>
  </datafield>
  <datafield tag="245" ind1="1" ind2="0">
   <subfield code="a">Nghệ thuật kể chuyện bằng hình ảnh</subfield>
   <subfield code="c">Julian Hoxter ; Hạnh Dung (Dịch)</subfield>
  </datafield>
  <datafield tag="250" ind1=" " ind2=" ">
   <subfield code="a">Tái bản có chỉnh sửa</subfield>
  </datafield>
  <datafield tag="260" ind1=" " ind2=" ">
   <subfield code="a">H.</subfield>
   <subfield code="b">Lao động</subfield>
   <subfield code="c">2025</subfield>
  </datafield>
  <datafield tag="300" ind1=" " ind2=" ">
   <subfield code="a">319 tr.</subfield>
   <subfield code="b">Minh họa</subfield>
   <subfield code="c">21 cm</subfield>
  </datafield>
  <datafield tag="500" ind1=" " ind2=" ">
   <subfield code="a">Tên sách tiếng Anh: The creative screenwriter : 12 rules to follow-and break-to unlock your screenwriting potential</subfield>
  </datafield>
  <datafield tag="520" ind1="3" ind2=" ">
   <subfield code="a">Nội dung sách hướng dẫn kỹ năng viết kịch bản thành 12 yếu tố chính, từ nắm rõ các nguyên lý, hiểu cấu trúc câu chuyện, phát triển câu chuyện của bạn... đến sửa đổi, viết lại để tạo ra kịch bản của riêng mình</subfield>
  </datafield>
  <datafield tag="653" ind1=" " ind2=" ">
   <subfield code="a">Truyền thông đa phương tiện</subfield>
  </datafield>
  <datafield tag="700" ind1="0" ind2=" ">
   <subfield code="a">Hạnh Dung</subfield>
   <subfield code="e">Dịch</subfield>
  </datafield>
  <datafield tag="942" ind1=" " ind2=" ">
   <subfield code="2">ddc</subfield>
   <subfield code="c">BK</subfield>
  </datafield>
  <datafield tag="952" ind1=" " ind2=" ">
   <subfield code="0">0</subfield>
   <subfield code="1">0</subfield>
   <subfield code="2">ddc</subfield>
   <subfield code="4">0</subfield>
   <subfield code="6">791_436100000000000_H871</subfield>
   <subfield code="7">0</subfield>
   <subfield code="9">31393</subfield>
   <subfield code="a">000001</subfield>
   <subfield code="b">000001</subfield>
   <subfield code="d">2025-09-19</subfield>
   <subfield code="o">791.4361 H871</subfield>
   <subfield code="p">MD.24427</subfield>
   <subfield code="r">2025-09-19</subfield>
   <subfield code="v">179000.00</subfield>
   <subfield code="w">2025-09-19</subfield>
   <subfield code="y">BK</subfield>
  </datafield>
  <datafield tag="952" ind1=" " ind2=" ">
   <subfield code="0">0</subfield>
   <subfield code="1">0</subfield>
   <subfield code="2">ddc</subfield>
   <subfield code="4">0</subfield>
   <subfield code="6">791_436100000000000_H871</subfield>
   <subfield code="7">0</subfield>
   <subfield code="9">31394</subfield>
   <subfield code="a">000001</subfield>
   <subfield code="b">000001</subfield>
   <subfield code="d">2025-09-19</subfield>
   <subfield code="o">791.4361 H871</subfield>
   <subfield code="p">MD.24428</subfield>
   <subfield code="r">2025-09-19</subfield>
   <subfield code="v">179000.00</subfield>
   <subfield code="w">2025-09-19</subfield>
   <subfield code="y">BK</subfield>
  </datafield>
  <datafield tag="952" ind1=" " ind2=" ">
   <subfield code="0">0</subfield>
   <subfield code="1">0</subfield>
   <subfield code="2">ddc</subfield>
   <subfield code="4">0</subfield>
   <subfield code="6">791_436100000000000_H871</subfield>
   <subfield code="7">0</subfield>
   <subfield code="9">31395</subfield>
   <subfield code="a">000001</subfield>
   <subfield code="b">000001</subfield>
   <subfield code="d">2025-09-19</subfield>
   <subfield code="o">791.4361 H871</subfield>
   <subfield code="p">MD.24429</subfield>
   <subfield code="r">2025-09-19</subfield>
   <subfield code="v">179000.00</subfield>
   <subfield code="w">2025-09-19</subfield>
   <subfield code="y">BK</subfield>
  </datafield>
  <datafield tag="980" ind1=" " ind2=" ">
   <subfield code="a">Thư viện Trường Đại học Nam Cần Thơ</subfield>
  </datafield>
 </record>
</collection>
